000 00442cam a2200145 a 4500
020 _a9780205350292
050 0 0 _aLC3981
_b.H34 2003
100 1 _aHallahan, Daniel P.,
_d1944-
245 1 0 _aExceptional learners :
_bintroduction to special education /
_cDaniel P. Hallahan, James M. Kauffman.
250 _a9th ed.
260 _aBoston :
_bAllyn & Bacon,
_cc2003.
300 _axxi, 591 p. :
700 1 _aKauffman, James M.
942 _2lcc
_cGEN
999 _c13422
_d13422